Normal view
MARC view
- Consuegra, Ángels
Entry Nombre Personal
001 - NUMERO DE CONTROL
- campo de control: 39206
003 - IDENTIFICADOR DE NUMERO DE CONTROL
- campo de control: UPN
005 - FECHA Y HORA DE LA ÜLTIMA TRANSACCIÓN
- campo de control: 20210219194543.0
008 - DATOS DE LONGITUD FIJA
- campo de control de longitud fija: nabaccnnaabn|||||||||| b |nc|||||d
035 ## - NUMERO DE CONTROL
- Número de control: UPN11000011313
040 ## - FUENTE DE CATALOGACIÓN
- Lenguaje de catalogación: SPA
- Agencia de transcripción: UPN
100 1# - ENCABEZAMIENTO - NOMBRE PERSONAL
- Nombre personal: Consuegra, Ángels
670 ## - FUENTE EN LA QUE SE LOCALIZARON DATOS
- Cita de la fuente: T
- Información localizada: http://www.newspanishbooks.com/author/angels-consuegra
680 ## - NOTA PUBLICA DE ACCESO PÚBLICO
- Frase explicativa de la referencia: Barcelona. Psicóloga. Siempre se ha relacionado con la Pedagogía y la enseñanza de los niños.
902 ## - CATALOGADOR
- Catalogador: EMR/101016
